00623nam a22001577a 4500020001800000040000900018082001900027100002300046245007200069260003400141650004500175942001200220999001900232952010900251952010500360 a9780071428286 cNUST a621.381046 GIL aGilleo, Ken962951 aAarea Array Packaging Materials:bAdhesives, Paster, and Lead- Free aNew York:bMcgraw-Hillc2004. aAarea Array Packaging Materials:9114057 2ddccBK c595442d595442 00102ddc4070aCEMEbCEMEcTEXTd2023-08-08l0o621.381046 GILpCEME-41331r2023-08-08w2023-08-08yBK 00102ddc4070aCEMEbCEMEcGENd2023-08-08o621.381046 GILpCEME-41332r2023-08-08w2023-08-08yBK